10. česko-slovensko-polské trilaterální sympozium orální a maxillofaciální chirurgie ; 2. národní kongres Společnosti maxillofaciální chirurgie : 7.-9. listopadu 2013, Velké Karlovice : sborník abstrakt

Korporativní autor: Fakultní nemocnice s poliklinikou (Ostrava, Česko). Klinika ústní, čelistní a obličejové chirurgie
Další autoři: Česko-slovensko-polské trilaterální sympozium orální a maxillofaciální chirurgie, Společnost maxillo-faciální chirurgie ČLS JEP, Česká stomatologická komora, Společnost maxillo-faciální chirurgie ČLS JEP. Národní kongres
Jazyk: Slovenština
Čeština
Angličtina
Vydáno: Ústí nad Labem : BOS.org, 2013
Vydání: 1. vyd.
Témata:
Fyzický popis: 40 s. ; 21 cm + text ([2] s.)
Language note: Část. anglický a slovenský text
Knihy
Uloženo v:
LEADER 02542nam a2200517 a 4500
001 nkc20132505769
003 CZ PrNK
005 20170920072841.0
007 ta
008 140102s2013 xr f 100 0 cze
015 |a cnb002505769 
020 |a 978-80-87562-11-6  |q (brož.) 
035 |a (OCoLC)870287116 
040 |a ABA001  |b cze 
041 0 |a cze  |a eng  |a slo 
072 7 |a 616  |x Patologie. Klinická medicína  |2 Konspekt  |9 14 
080 |a 616.31-089  |2 MRF 
080 |a (062.534)  |2 MRF 
080 |a (048.3)  |2 MRF 
111 2 |a Česko-slovensko-polské trilaterální sympozium orální a maxillofaciální chirurgie  |n (10. :  |d 2013 :  |c Velké Karlovice, Česko)  |7 kn20140107002 
245 1 0 |a 10. česko-slovensko-polské trilaterální sympozium orální a maxillofaciální chirurgie ;  |b 2. národní kongres Společnosti maxillofaciální chirurgie : 7.-9. listopadu 2013, Velké Karlovice : sborník abstrakt 
246 3 |a Desáté česko-slovensko-polské trilaterální sympozium orální a maxillofaciální chirurgie 
250 |a 1. vyd. 
260 |a Ústí nad Labem :  |b BOS.org,  |c 2013 
300 |a 40 s. ;  |c 21 cm +  |e text ([2] s.) 
500 |a Název z obálky 
500 |a Nad názvem: Klinika ústní, čelistní a obličejové chirurgie FN Ostrava, Společnost maxillofaciální chirurgie ČLS JEP, Česká stomatologická komora 
546 |a Část. anglický a slovenský text 
650 0 7 |a stomatochirurgie  |7 ph215901  |2 czenas 
650 0 9 |a oral surgery  |2 eczenas 
655 7 |a sborníky konferencí  |7 fd133333  |2 czenas 
655 7 |a abstrakta  |7 fd131780  |2 czenas 
655 9 |a proceedings of conferences  |2 eczenas 
655 9 |a abstracts  |2 eczenas 
710 2 |a Fakultní nemocnice s poliklinikou (Ostrava, Česko).  |b Klinika ústní, čelistní a obličejové chirurgie  |7 kn20140107003 
710 2 |a Společnost maxillo-faciální chirurgie ČLS JEP  |7 nlk20040147003 
710 2 |a Česká stomatologická komora  |7 ola2002142523 
710 2 |a Společnost maxillo-faciální chirurgie ČLS JEP.  |b Národní kongres  |n (2. :  |d 2013 :  |c Velké Karlovice, Česko)  |7 kn20140107004 
740 0 2 |a 2. národní kongres Společnosti maxillofaciální chirurgie 
740 0 2 |a Druhý národní kongres Společnosti maxillofaciální chirurgie 
740 0 2 |a Národní kongres Společnosti maxillofaciální chirurgie 
910 2 |a BOA001  |b 2-1324.785 
990 |a BK 
995 |a 01 
991 |b 201406  |c NOV  |e n 
996 6 |b 2610592893  |c 2-1324.785  |l MZK  |r Sklad / do 1 hodiny  |n 1  |p p.v.  |w 001426048  |u 000010  |a 1  |e BOA001  |j MZK50  |s P